<?xml version="1.0" encoding="UTF-8"?>
<record
    xmlns:xsi="http://www.w3.org/2001/XMLSchema-instance"
    xsi:schemaLocation="http://www.loc.gov/MARC21/slim http://www.loc.gov/standards/marcxml/schema/MARC21slim.xsd"
    xmlns="http://www.loc.gov/MARC21/slim">

  <leader>00702nam a2200205Ia 4500</leader>
  <controlfield tag="001">11378</controlfield>
  <controlfield tag="003">GE_BSU</controlfield>
  <controlfield tag="008">181216s||||||||xx |||||||||||||| ||und||</controlfield>
  <datafield tag="040" ind1=" " ind2=" ">
    <subfield code="c">GE_BSU</subfield>
  </datafield>
  <datafield tag="080" ind1=" " ind2=" ">
    <subfield code="a">631.5/9(075.8)</subfield>
  </datafield>
  <datafield tag="100" ind1=" " ind2=" ">
    <subfield code="a">&#x10D2;. &#x10EA;&#x10D0;&#x10D2;&#x10E3;&#x10E0;&#x10D8;&#x10E8;&#x10D5;&#x10D8;&#x10DA;&#x10D8;, &#x10D2;. &#x10E5;&#x10D4;&#x10E8;&#x10D4;&#x10DA;&#x10D0;&#x10E8;&#x10D5;&#x10D8;&#x10DA;&#x10D8;, &#x10E8;. &#x10DB;&#x10D7;&#x10D5;&#x10D0;&#x10E0;&#x10D4;&#x10DA;&#x10D8;&#x10E8;&#x10D5;&#x10D8;&#x10DA;&#x10D8; &#x10D3;&#x10D0; &#x10E1;&#x10EE;&#x10D5;.</subfield>
  </datafield>
  <datafield tag="245" ind1=" " ind2=" ">
    <subfield code="a">&#x10DB;&#x10D8;&#x10EC;&#x10D0;&#x10D7;&#x10DB;&#x10DD;&#x10E5;&#x10DB;&#x10D4;&#x10D3;&#x10D4;&#x10D1;&#x10D0;</subfield>
  </datafield>
  <datafield tag="245" ind1=" " ind2=" ">
    <subfield code="c">&#x10E0;&#x10D4;&#x10D3;: &#x10D2;. &#x10EA;&#x10D0;&#x10D2;&#x10E3;&#x10E0;&#x10D8;&#x10E8;&#x10D5;&#x10D8;&#x10DA;&#x10D8;</subfield>
  </datafield>
  <datafield tag="260" ind1=" " ind2=" ">
    <subfield code="a">&#x10D7;&#x10D1;&#x10D8;&#x10DA;&#x10D8;&#x10E1;&#x10D8;.</subfield>
  </datafield>
  <datafield tag="260" ind1=" " ind2=" ">
    <subfield code="b">&#x10D2;&#x10D0;&#x10DC;&#x10D0;&#x10D7;&#x10DA;&#x10D4;&#x10D1;&#x10D0;.</subfield>
  </datafield>
  <datafield tag="260" ind1=" " ind2=" ">
    <subfield code="c">1990</subfield>
  </datafield>
  <datafield tag="300" ind1=" " ind2=" ">
    <subfield code="a">400&#x10D2;&#x10D5;.22&#x10E1;&#x10DB;.</subfield>
  </datafield>
  <datafield tag="653" ind1=" " ind2=" ">
    <subfield code="a">&#x10DB;&#x10D8;&#x10EC;&#x10D0;&#x10D7;&#x10DB;&#x10DD;&#x10E5;&#x10DB;&#x10D4;&#x10D3;&#x10D4;&#x10D1;&#x10D0;</subfield>
  </datafield>
  <datafield tag="942" ind1=" " ind2=" ">
    <subfield code="c">BK</subfield>
  </datafield>
  <datafield tag="999" ind1=" " ind2=" ">
    <subfield code="c">44575</subfield>
    <subfield code="d">44575</subfield>
  </datafield>
  <datafield tag="952" ind1=" " ind2=" ">
    <subfield code="0">0</subfield>
    <subfield code="1">0</subfield>
    <subfield code="4">0</subfield>
    <subfield code="7">0</subfield>
    <subfield code="9">57808</subfield>
    <subfield code="d">2018-12-17</subfield>
    <subfield code="p">19883</subfield>
    <subfield code="r">2018-12-17</subfield>
    <subfield code="w">2018-12-17</subfield>
    <subfield code="y">BK</subfield>
  </datafield>
  <datafield tag="952" ind1=" " ind2=" ">
    <subfield code="0">0</subfield>
    <subfield code="1">0</subfield>
    <subfield code="4">0</subfield>
    <subfield code="7">0</subfield>
    <subfield code="9">57809</subfield>
    <subfield code="d">2018-12-17</subfield>
    <subfield code="p">19884</subfield>
    <subfield code="r">2018-12-17</subfield>
    <subfield code="w">2018-12-17</subfield>
    <subfield code="y">BK</subfield>
  </datafield>
  <datafield tag="952" ind1=" " ind2=" ">
    <subfield code="0">0</subfield>
    <subfield code="1">0</subfield>
    <subfield code="4">0</subfield>
    <subfield code="7">0</subfield>
    <subfield code="9">57810</subfield>
    <subfield code="d">2018-12-17</subfield>
    <subfield code="p">19885</subfield>
    <subfield code="r">2018-12-17</subfield>
    <subfield code="w">2018-12-17</subfield>
    <subfield code="y">BK</subfield>
  </datafield>
</record>
